| 000 | 01136cam a22002771i 4500 | ||
|---|---|---|---|
| 003 | SA_RiAUC | ||
| 005 | 20250816142837.0 | ||
| 008 | 250812s2008____su g f000 0 ara c | ||
| 020 | _a9789960025926 | ||
| 040 |
_aSA-MaHRM _bara _cSA-RiAUC _erda |
||
| 082 | 0 | 4 |
_a255.7 _qSA-RiAUC |
| 090 |
_a255.7 _bم ط ر |
||
| 100 | 1 |
_aالمطرفي، رجاء بن عابد، _d1375 هجري- _eمؤلف. |
|
| 245 | 1 | 2 |
_aالكفارات في الفقه الإسلامي / _cرجاء بن عابد المطرفي. |
| 250 | _aالطبعة الأولى. | ||
| 264 | 1 |
_aالمدينة المنورة : _bالجامعة الإسلامية، عمادة البحث العلميى، _c2008. |
|
| 300 |
_a616 صفحة ؛ _c24 سم. |
||
| 336 |
_aنص _btxt _2rdacontent _3كتاب |
||
| 337 |
_aبدون وسيط _bn _2rdamedia |
||
| 338 |
_aمجلد _bnc _2rdacarrier |
||
| 490 | 0 |
_aمطبوعات الجامعة الإسلامية بالمدينة المنورة ؛ _v99 |
|
| 650 | 7 |
_aالكفارة (فقه إسلامي) _2aucsh |
|
| 650 | 1 | 7 |
_aكفارة اليمين _2aucsh |
| 942 |
_2ddc _cBOOK _n0 |
||
| 949 |
_aSA-JeALM _d250812 _umohamedma123 _n1 |
||
| 999 |
_c10829 _d10829 |
||